| 000 | 00906nam a2200241Ia 4500 | ||
|---|---|---|---|
| 003 | OSt | ||
| 005 | 20221005112233.0 | ||
| 006 | a|||||r|||| 00| 0 | ||
| 007 | ta | ||
| 008 | 221004b |||||||| |||| 00| 0 pan d | ||
| 020 |
_a8171433677 (hbk) _c240 |
||
| 024 | _a96301 | ||
| 037 |
_b219, 01/01/2009, H.K. Prakashan _cTextual |
||
| 040 |
_aCRL _cCRL _bpan |
||
| 041 |
_2pan _apan |
||
| 082 | _aO153,3:g(Y15), P4 | ||
| 100 | _aਪਰਮਿੰਦਰਜੀਤ ਦੌਰ | ||
| 245 | 0 | _aਦਲੀਪ ਕੌਰ ਟਿਵਾਣਾ ਅਤੇ ਅਜੀਤ ਕੌਰ ਦੇ ਇਸਤਰੀ ਪਾਤਰ | |
| 260 |
_aਅੰਮ੍ਰਿਤਸਰ _bਰਵੀ ਸਾਹਿਤ ਪ੍ਰਕਾਨ ਭਾਰਤ _c2004 |
||
| 300 |
_a240ਪੰ _ccm. |
||
| 942 |
_hO153,3:g(Y15), P4 _cTEXL _2cc |
||
| 999 |
_c1024280 _d1024280 |
||